000
00331nam a2200133Ia 4500
008
240624s9999 xx 000 0 und d
041
_a
eng
082
_a
519.5 CUM
100
_a
CUMMING GEOFF
245
_a
UNDERSTANDING THE NEW STATISTICS EFFECT
260
_c
2011
_a
New York
_b
Routledge
300
_a
535 : p.
365
_c
GBP
_b
28
999
_c
22149
_d
22149